| 000 | 01375nam a22002297a 4500 | ||
|---|---|---|---|
| 999 |
_c57784 _d57784 |
||
| 003 | Ge_BSU | ||
| 005 | 20201130131505.0 | ||
| 008 | 201130b xxu||||| |||| 00| 0 geo d | ||
| 020 | _a9789941408885 | ||
| 041 | _ageo | ||
| 080 | _a612.73/74(075.8) ს-19 | ||
| 100 |
_aსაკანდელიძე, რენიკო. _99787 |
||
| 245 |
_aკუნთოვანი და ნერვული სისტემების ფიზიოლოგია : _b[სახელმძღვანელო] / _cრენიკო საკანდელიძე, ერეკლე ჯულაყიძე ; რედ. თეიმურაზ ლომსიანიძე |
||
| 264 |
_aქუთაისი : _bაკაკი წერეთლის სახელმწ. უნ-ტის გამ-ბა, _c2018. |
||
| 300 |
_a384 გვ. : _bსურ. ; _c21 სმ. |
||
| 504 | _aბიბლიოგრაფია: გვ. 370. | ||
| 653 | _aკუნთოვანი სისტემების ფიზიოლოგია | ||
| 653 | _aნერვული სისტემების ფიზიოლოგია | ||
| 700 |
_aჯულაყიძე, ერეკლე _eავტორი _99788 |
||
| 700 |
_aლომსიანიძე, თეიმურაზ _eრედაქტორი. _99789 |
||
| 942 |
_2udc _cBK |
||